00549 2200193 4500001002100000005001500021035002000036007000300056008004100059020001500100082001000115084001600125100002000141245008600161260003200247300004500279650001000324700002100334INLIS00000000000001720260413085058 a0010-0426000003ta260413 g 0 ind  a9797222365 a294.5 a294.5 VAI a0 aVaidya Bhagawan1 aAyuveda :bilmu pengobatan tradisional india /cVaidya Bhagawan, Suhasi Ramaswamy aSurabaya :bParamita,c2006 aiv, 118 hlm. :bilus. ;c14.5cm x 20.5cm 4aHindu0 aSuhasi Ramaswamy